000 00363nam a2200145Ia 4500
005 20251222140112.0
008 251222s1900||||xx |||||||||||||| ||spa||
020 _a9682314364
082 _a199/S18E
100 _aSalazar Bondy, Augusto
245 0 _a¿Existe una Filosofía de Nuestra América?
250 _a11a.ed.
264 _bSiglo Veintiuno
942 _cLIB
999 _c4355
_d4355